| 000 | 01182cam a2200241 4500 | ||
|---|---|---|---|
| 001 | ABS66579 | ||
| 008 | 030429n2003 000 0 eng u | ||
| 035 | _a(Sirsi) u122118 | ||
| 110 |
_aLawrence Webster Forrest _94400 |
||
| 245 | _aEmergency evacuation | ||
| 260 | _c2003 | ||
| 490 |
_aRICS Building Control _v (139) April 2003, 11-12(2) |
||
| 520 | _aAn edited extract of a report from a "Lawrence Webster Forest Professional Bulletin" which looks at the Disability Discrimination Act 1995 in relation to fire safety. Highlights key points, such as risk assessment, refuges and use of a personal emergency evacuation plan including buddies. Suggests that access consultants generally only assess the ingress to a building by disabled people,not its' emergency egress. The full report can be found at www.lwf.co.uk. | ||
| 590 | _aABS | ||
| 650 | _aDISABILITY DISCRIMINATION ACT 1995 | ||
| 650 | _aRISK ASSESSMENT | ||
| 650 | _aEVACUATION | ||
| 650 | _aDISABLED PEOPLE | ||
| 650 | _aPERSONAL EMERGENCY EVACUATION PLANS | ||
| 690 | _aBUILT ENVIRONMENT-BUILDING STANDARDS | ||
| 856 |
_uhttps://www.lwf.co.uk _vView the Lawrence Webster Forrest website... |
||
| 942 | _n0 | ||
| 999 |
_c72567 _d72567 |
||